00365nam a22001337a 450000500170000000800410001702200130005804100250007108200130009610000250010924500420013426000290017665000260020520240308124827.0240308b |||||||| |||| 00| 0 eng d a02577747 aAfrikaans / English  a349 TYD  lAfrikaans / English  aTydskrif vir die Suid-Afrikaanse Reg  a159 blaadsye ; b25 cm.  aLegal practice bLaw